000 00919nam a2200217Ia 4500
999 _c39286
_d39286
001 5872
003 GE_BSU
005 20190912131441.0
008 181216s1955||||ge |||||||||||||| ||geo||
040 _cGE_BSU
041 _ageo
080 _a821.353.1-22 ა-70
100 _aანტონოვი, ზ.
_93971
245 _aმზის დაბნელება საქართველოში :
_bნამდვილი კომედია /
_cზ. ანტონოვი ; რედ. ირ. არაბული.
264 _aთბილისი :
_bსახელგამი ;
_c1955.
300 _a59 გვ. ;
_c19 სმ.
653 _aმზის დაბნელება საქართველოში
653 _aკომედია 3 მოქმედებად
700 _a არაბული, ირ.
_eრედაქტორი
_93972
942 _cBK
_2udc